00957nam a22002777a 45000010005000000030006000050050017000110080041000280200015000690400029000840500013001130820011001261000017001372450082001542500044002362600037002803000048003174900028003655050008003935200141004015210021005425210020005636500028005837000035006117000033006465528FISKH20250819110356.0241216b cb ||||| |||| 00| 0 eng d a0590621807 aFISKHbengcFISKHdFISKH aQ141.R45 a509.22 aReid, Struan aScientist : bfrom Achimedes to Einstein /cby Struan Reid and Patricia Fara aFirst Scholastic printing, January 1996 aNew York : bScholastic ;c1992. a47 pages : bcolor illustrations ;c26 cm . aThe usborne book of ... aZ  aTells the story of remarkable scientists--famous as well as lesser-known figures--whose research and discoveries have changed the world.8 a1110 bLexile 8 aZ bRaz-Plus  aArchimedesvNon-fiction aConlin, Stephen eillustrator  aDennis , Peter eillustrator